[Event "Greifswald Klar op 1st"]
[Site "Greifswald"]
[Date "2003.07.11"]
[Round "3"]
[White "Broock, Julia"]
[Black "Ploeger, Elke"]
[Result "1/2-1/2"]
[WhiteElo "1392"]
[BlackElo "1257"]
[PlyCount "105"]
[EventDate "2003.07.10"]
[EventType "swiss"]
[EventRounds "7"]
[EventCountry "GER"]
[SourceTitle "EXT 2005"]
[Source "ChessBase"]
[SourceDate "2004.11.15"]
[SourceVersion "1"]
[SourceVersionDate "2004.11.15"]
[SourceQuality "1"]

1. e4 e5 2. Nf3 Nc6 3. Bc4 Nf6 4. Ng5 d5 5. exd5 Na5 6. Bb5+ Bd7 7. Bxd7+ Qxd7 8. d3 Qxd5 9. f3 Bc5 10. Nc3 Bb4 11. Bd2 Bxc3 12. Bxc3 Nc6 13. Qe2 0-0 14. 0-0 Nd4 15. Qf2 c5 16. Rfe1 Rae8 17. Ne4 Nxe4 18. Rxe4 f5 19. Re3 Re6 20. a3 Nb5 21. Bd2 Nd4 22. Bc3 b6 23. b4 a6 24. Bb2 Nc6 25. bxc5 bxc5 26. Rae1 Rfe8 27. f4 exf4 28. Rxe6 Rxe6 29. Rxe6 Qxe6 30. Qxf4 Qe1+ 31. Qf1 Qxf1+ 32. Kxf1 g5 33. Kf2 Nd4 34. c3 Ne6 35. g3 h5 36. Kf3 Kf7 37. h3 f4 38. d4 cxd4 39. cxd4 fxg3 40. Kxg3 Nc7 41. Bc1 Kg6 42. a4 Nd5 43. Bd2 Kf5 44. a5 g4 45. hxg4+ hxg4 46. Be1 Kg5 47. Bd2+ Kf5 48. Be1 Nf6 49. Kg2 Nd5 50. Bd2 Ke4 51. Kg3 Kxd4 52. Kxg4 Kc4 53. Kf3 1/2-1/2

[Event "Greifswald Klar op 1st"]
[Site "Greifswald"]
[Date "2003.07.10"]
[Round "2"]
[White "Onasch, Paul"]
[Black "Ploeger, Elke"]
[Result "1-0"]
[WhiteElo "1511"]
[BlackElo "1257"]
[PlyCount "65"]
[EventDate "2003.07.10"]
[EventType "swiss"]
[EventRounds "7"]
[EventCountry "GER"]
[SourceTitle "EXT 2005"]
[Source "ChessBase"]
[SourceDate "2004.11.15"]
[SourceVersion "1"]
[SourceVersionDate "2004.11.15"]
[SourceQuality "1"]

1. d4 d5 2. Nf3 Nf6 3. e3 e6 4. Bd3 c5 5. c3 cxd4 6. exd4 Bd6 7. 0-0 0-0 8. Qc2 h6 9. h3 Nbd7 10. Re1 Qc7 11. Be3 e5 12. dxe5 Nxe5 13. Nxe5 Bxe5 14. Nd2 Be6 15. Nf3 Nd7 16. Re2 Bf6 17. Rae1 Ne5 18. Nxe5 Bxe5 19. Kh1 Bf6 20. Qd2 g5 21. f4 Qd8 22. Bc5 Re8 23. Bb5 Qa5 24. Bxe8 Rxe8 25. Bb4 Qb5 26. f5 Bd7 27. Rxe8+ Bxe8 28. Qe2 Qxe2 29. Rxe2 Bc6 30. Be7 Kg7 31. Kg1 a5 32. g4 b5 33. Bxf6+ 1-0

[Event "Greifswald Ryck op"]
[Site "Greifswald"]
[Date "2002.08.25"]
[Round "6"]
[White "Ploeger, Elke"]
[Black "Walther, Madlen"]
[Result "0-1"]
[WhiteElo "1213"]
[BlackElo "1598"]
[PlyCount "58"]
[EventDate "2002.08.??"]
[EventType "swiss"]
[EventRounds "7"]
[EventCountry "GER"]
[SourceTitle "EXT 2005"]
[Source "ChessBase"]
[SourceDate "2004.11.15"]
[SourceVersion "1"]
[SourceVersionDate "2004.11.15"]
[SourceQuality "1"]

1. e4 Nf6 2. Nc3 d5 3. exd5 Nxd5 4. d4 Nc6 5. Nf3 Bg4 6. Be2 e6 7. a3 Be7 8. Nxd5 Qxd5 9. c3 0-0 10. 0-0 Bd6 11. Ng5 Bxe2 12. Qxe2 b5 13. Qe4 Qxe4 14. Nxe4 a5 15. Be3 Be7 16. f4 b4 17. axb4 axb4 18. c4 b3 19. Rfd1 Ra2 20. Rab1 Na5 21. Rdc1 Bb4 22. Kf2 Ba3 23. d5 Bxb2 24. Rxb2 Rxb2+ 25. Kf3 Rb8 26. d6 cxd6 27. Nxd6 Rc2 28. Rxc2 bxc2 29. c5 Rb1 0-1

[Event "Greifswald Ryck op"]
[Site "Greifswald"]
[Date "2002.08.23"]
[Round "3"]
[White "Meyer, Thomas"]
[Black "Ploeger, Elke"]
[Result "1-0"]
[WhiteElo "1760"]
[BlackElo "1213"]
[PlyCount "63"]
[EventDate "2002.08.??"]
[EventType "swiss"]
[EventRounds "7"]
[EventCountry "GER"]
[SourceTitle "EXT 2005"]
[Source "ChessBase"]
[SourceDate "2004.11.15"]
[SourceVersion "1"]
[SourceVersionDate "2004.11.15"]
[SourceQuality "1"]

1. e4 e5 2. Nc3 Nc6 3. Bc4 Nf6 4. d3 Bb4 5. Nf3 d5 6. exd5 Nxd5 7. 0-0 Nxc3 8. bxc3 Bxc3 9. Ng5 0-0 10. Qh5 h6 11. Nxf7 Rxf7 12. Qxf7+ Kh7 13. Rb1 Nd4 14. Bd5 Bf5 15. Be3 Qd7 16. Qxd7 Bxd7 17. Bxb7 Rf8 18. Be4+ Bf5 19. Bxd4 Bxd4 20. g3 Bb6 21. Kg2 Bxe4+ 22. dxe4 Rd8 23. Rbd1 Rxd1 24. Rxd1 Bd4 25. f4 c5 26. Kf3 h5 27. fxe5 g5 28. Rxd4 cxd4 29. Ke2 Kg7 30. Kd3 Kf7 31. Kxd4 Ke6 32. c4 1-0